00650nam a2200193Ia 4500003000900000008004100009020002200050040001600072080001300088100003100101245010000132260004300232300001400275650002200289650002300311942000700334999001700341952009800358IN-BaIIA211028s9999 xx 000 0 eng d a978-81-224-0660-3 cIIA Library a524bKRI aKrishna Swamy, K. S914717 0aAstrophysicsba modern perspectivecK. S Krishna Swamy  aNew DelhibNew Age Internationalc1996 axi, 330p. aAstrophysics9794 aPerspective920560 cBK c11839d11839 00104070aBANbBANcGENd1996-08-14eINT l0o524/ KRIp12755r2021-11-05w1996-08-14yBK